000 00828cab a2200241 4500
001 X95470
008 090401t1998 xxu||||| |||| 00| 0 eng d
035 _a(Sirsi) u90128
041 _aeng
245 _aP&O Developments Ltd v Guys and St Thomas` National Health Service Trust and others
260 _c1998
350 _a0
490 _aConstruction Industry Law Letter
_v[1998] CILL 1436-40(5)
520 _aTCC 15 October 1998. "Biggin v Permanite" reviewed, reasonableness of settlement and evidence of reasonableness.
650 _aBIGGIN V PERMANITE
650 _aBREACH OF CONTRACT
650 _aMEASURE OF DAMAGES
650 _aP&O DEVELOPMENTS LTD V GUY`S AND ST THOMAS` NHS TRUST AND OTHERS
650 _aSETTLEMENT
690 _aBUILDING AND CONSTRUCTION-CASE LAW
942 _n0
948 _c03/12/1998
999 _c57090
_d57090